La noche del lobo (Record no. 142963)

MARC details
000 -LEADER
campo de control de longitud fija 00626nam a2200205 i 4500
001 - NÚMERO DE CONTROL
campo de control 142963
003 - IDENTIFICADOR DE NÚMERO DE CONTROL
campo de control ES-MaACL
005 - FECHA Y HORA DE LA ÚLTIMA TRANSACCIÓN
campo de control 20230906200656.0
007 - CAMPO FIJO DE DESCRIPCIÓN FÍSICA--INFORMACIÓN GENERAL
campo de control de longitud fija t|
008 - DATOS DE LONGITUD FIJA--INFORMACIÓN GENERAL
campo de control de longitud fija 071011s1960 sp ||||1| spa d
100 1# - ENTRADA PRINCIPAL--NOMBRE DE PERSONA
Nombre de persona Vidalie, Albert.
9 (RLIN) 114533
245 13 - MENCIÓN DEL TÍTULO
Título La noche del lobo
Resto del título : cuentos /
Mención de responsabilidad, etc. Albert Videlie ; [traducción de Alfredo Darnell].
260 ## - PUBLICACIÓN, DISTRIBUCIÓN, ETC.
Lugar de publicación, distribución, etc. Buenos Aires :
Nombre del editor, distribuidor, etc. Plaza & Janés,
Fecha de publicación, distribución, etc. [1960]
300 ## - DESCRIPCIÓN FÍSICA
Extensión 157 p. ;
Dimensiones 19 cm.
490 1# - MENCIÓN DE SERIE
Mención de serie De la botella errante
700 1# - ENTRADA AGREGADA--NOMBRE PERSONAL
Nombre de persona Darnell, Alfredo.
9 (RLIN) 42740
830 0# - PUNTO DE ACCESO ADICIONAL DE SERIE-TÍTULO UNIFORME
Título uniforme De la botella errante
9 (RLIN) 220520
852 ## - LOCALIZACIÓN
Ubicación ES-MaACL
Número de control de estantería C-24376
Sublocalización o colección R.52900
Holdings
Estatus retirado Estado de pérdida Estado de daño No para préstamo Biblioteca de origen Biblioteca actual Ubicación en estantería Fecha de adquisición Fuente de adquisición Total de préstamos Signatura topográfica completa Código de barras Visto por última vez Precio de reemplazo Tipo de ítem Koha
        Biblioteca del Ateneo de Madrid Biblioteca del Ateneo de Madrid Depósito 2 17/01/2008     C-24376 1148746 23/02/2023 23/02/2023 Libro impreso